<?xml version="1.0" encoding="UTF-8"?>
<record
    xmlns:xsi="http://www.w3.org/2001/XMLSchema-instance"
    xsi:schemaLocation="http://www.loc.gov/MARC21/slim http://www.loc.gov/standards/marcxml/schema/MARC21slim.xsd"
    xmlns="http://www.loc.gov/MARC21/slim">

  <leader>03022nam a22001697a 4500</leader>
  <controlfield tag="008">151015b        xxu||||| |||| 00| 0 eng d</controlfield>
  <datafield tag="020" ind1=" " ind2=" ">
    <subfield code="a">0781740908</subfield>
  </datafield>
  <datafield tag="050" ind1=" " ind2=" ">
    <subfield code="a">RK60.5 W5</subfield>
  </datafield>
  <datafield tag="100" ind1=" " ind2=" ">
    <subfield code="a">Wilkins, Esther M.</subfield>
  </datafield>
  <datafield tag="245" ind1=" " ind2=" ">
    <subfield code="a">Clinical practice of the dental hygienist. /</subfield>
    <subfield code="c">Esther M. Wilkins.</subfield>
  </datafield>
  <datafield tag="250" ind1=" " ind2=" ">
    <subfield code="a">9th ed.</subfield>
  </datafield>
  <datafield tag="260" ind1=" " ind2=" ">
    <subfield code="a">London:</subfield>
    <subfield code="b">Lippincott Williams &amp; Wilkins, </subfield>
    <subfield code="c">2005.</subfield>
  </datafield>
  <datafield tag="300" ind1=" " ind2=" ">
    <subfield code="a">xxi, 1189p.:</subfield>
    <subfield code="b">ills.;</subfield>
    <subfield code="c">28cm.</subfield>
  </datafield>
  <datafield tag="500" ind1=" " ind2=" ">
    <subfield code="a">Includes index and appendix</subfield>
  </datafield>
  <datafield tag="505" ind1=" " ind2=" ">
    <subfield code="a">Contents: Orientation to clinical dental hygiene practice: The professional dental hygienist -- Preparation for dental hygiene appointments: Infection control: transmissible diseases -- Exposure control: barriers for patient and clinician -- Infection control: clinical procedures -- Patient reception and positioning -- Assessment: Records and charting -- Personal, dental, and medical histories -- Vital signs -- Dental radiographic imaging -- Extraoral and intraoral examination -- Study casts -- The gingiva -- Examination procedures -- Disease development and contributing factors -- The teeth -- The occlusion -- Dental biofilm and other soft deposits -- Calculus -- Dental stains and discolorations -- Indices and scoring methods -- Care planning: Planning for dental hygiene care -- The dental hygiene care plan -- Prevention: Health promotion and disease prevention -- Protocols for prevention and control of dental caries -- Oral infection control: toothbrushes and toothbrushing -- Interdental care -- Chemotherapeutics and topical delivery systems -- Patient with orthodontic appliances -- Care of dental prostheses -- The patient with oral rehabilitation and implants -- The patient who uses tobacco -- Diet and dietary analysis -- Fluorides -- Sealants -- Treatment: Anxiety and pain control -- Instruments and principles for instrumentation -- Nonsurgical periodontal instrumentation -- Nonsurgical periodontal therapy: supplemental care procedures -- Acute periodontal conditions -- Sutures and dressings -- Dentin hypersensitivity -- Extrinsic stain removal -- Care of dental restorations -- Maintenance for oral health: dental hygiene continuing care -- Patients with special needs: The pregnant patient -- Pediatric oral health care: infancy through age 5 -- The patient with a cleft lip and/or palate -- Preadolescent to post menopausal patients -- The gerodontic patient -- The edentulous patient -- The oral and maxillofacial surgery patient -- The patient with cancer -- Care of patients with disabilities -- The patient who is homebound or bedridden -- The patient with a physical impairment -- The patient with a sensory disability -- Family abuse and neglect -- The patient with a seizure disorder -- The patient with mental retardation -- The patient with a mental disorder -- The patient with an alcohol-related disorder -- The patient with a respiratory disease -- The patient with a cardiovascular disease -- The patient with a blood disorder -- The patient with diabetes mellitus -- Emergency care.</subfield>
  </datafield>
  <datafield tag="942" ind1=" " ind2=" ">
    <subfield code="2">lcc</subfield>
    <subfield code="c">BK</subfield>
  </datafield>
  <datafield tag="999" ind1=" " ind2=" ">
    <subfield code="c">5779</subfield>
    <subfield code="d">13279</subfield>
  </datafield>
  <datafield tag="952" ind1=" " ind2=" ">
    <subfield code="0">0</subfield>
    <subfield code="1">0</subfield>
    <subfield code="2">lcc</subfield>
    <subfield code="4">0</subfield>
    <subfield code="7">0</subfield>
    <subfield code="a">WIUC-1</subfield>
    <subfield code="b">WIUC-1</subfield>
    <subfield code="c">NURS L.</subfield>
    <subfield code="d">2015-10-15</subfield>
    <subfield code="l">0</subfield>
    <subfield code="o">RK60.5 W5</subfield>
    <subfield code="p">NURS/221/15</subfield>
    <subfield code="r">2015-10-15 00:00:00</subfield>
    <subfield code="t">1</subfield>
    <subfield code="w">2015-10-15</subfield>
    <subfield code="y">BK</subfield>
  </datafield>
</record>
